Biggest sources of immigrants to Rhode Island - Statistics

General Stats
  • This quiz has been taken 18 times
  • The average score is 8 of 10
Answer Stats
Hint Answer % Correct
3,625 Brazil
88%
5,704 China
88%
3,726 Mexico
88%
11,825 Portugal
81%
2,466 United Kingdom
81%
5,292 Colombia
75%
4,444 India
75%
2,001 Philippines
63%
3,052 El Salvador
56%
1,987 Korea
56%
No matching quizzes found
Score Distribution
Percent of People with Each Score
Percentile by Number Answered
Your Score History
You have not taken this quiz